Af Scrabble Words 8 and under - Statistics

General Stats
  • This quiz has been taken 61 times
  • The average score is 17 of 58
Answer Stats
Answer % Correct
Aft
92%
Aff
90%
After
87%
Afford
77%
Affect
69%
Afar
67%
Afro
59%
Affirm
54%
Afraid
54%
Affair
51%
Affix
51%
Affront
46%
Afghan
46%
Affable
44%
Affluent
44%
Afore
44%
Affine
38%
Afloat
38%
Affecter
36%
Affirmer
36%
Affinity
33%
Afire
33%
Afflict
31%
Afoul
31%
Aflame
28%
Afoot
26%
Afters
26%
Affably
23%
Affixer
23%
Afghani
23%
Affray
21%
Afresh
21%
Afeared
18%
Affaire
18%
Affined
18%
Afield
18%
Affiance
13%
Affiche
13%
Affinal
13%
Afflux
13%
Affright
13%
Affixal
10%
Affiant
8%
Afflatus
8%
Affrayer
8%
Afrit
8%
Afeard
5%
Aflutter
5%
Afebrile
3%
Afferent
3%
Affinely
3%
Affixial
3%
Afforest
3%
Afreet
3%
Aftertax
3%
Aftmost
3%
Aftosa
3%
Affusion
0%
No matching quizzes found
Score Distribution
Percent of People with Each Score
Percentile by Number Answered
Your Score History
You have not taken this quiz